000 006650000a22002050004500
090 _aAR
_b00961
245 1 0 _aSur quelques araignées cavernicoles d'Argentine, Uruguay, Brésil et Venezuela récoltées par le D' P. Strinati (<Arachnida, Araneae>)
650 1 4 _aEntomología
_94483
650 1 4 _aBioespeleología
_92655
650 1 4 _aCavernas
_993465
650 1 4 _aArañas
_994141
651 4 _pArgentina
_992749
651 4 _pBrasil
_992749
651 4 _pUruguay
_992749
651 4 _pVenezuela
_992749
041 0 _aFrancés
100 1 _aBrignoli, Paolo Marcello
_993525
942 _cARTICULO
773 1 _tRevue Suisse de Zoologie
_3344
_h12
_q361-385
_d1972
_g79
999 _c10049
_d10049